00422nam a2200157Ia 4500008004100000100002200041245006900063245002100132260002400153260000900177300001500186440002400201650001000225650001300235650001600248190717s9999 xx 000 0 und d aMendez, Christina aPhilippines makes formal request for Chinese military equipment/ cChristina Mendez bThe Philippine Star c2017 aFebruary 8 aThe Philippine Star aChina aMilitary aPhilippines